আমি মৃণালিনী নই / (Record no. 10721)
[ view plain ]
| 000 -LEADER | |
|---|---|
| fixed length control field | 00737nam a2200229 a 4500 |
| 001 - CONTROL NUMBER | |
| JCCL Control Number | 10721 |
| 003 - CONTROL NUMBER IDENTIFIER | |
| JCCL marc code | BD-JhCC |
| 005 - DATE AND TIME OF LATEST TRANSACTION | |
| control field | 20230208134023.0 |
| 008 - FIXED-LENGTH DATA ELEMENTS--GENERAL INFORMATION | |
| fixed length control field | 180811s20182014bg |||| |||| 000 0 ben d |
| 020 ## - INTERNATIONAL STANDARD BOOK NUMBER | |
| International Standard Book Number | 978984906602 |
| 035 ## - SYSTEM CONTROL NUMBER | |
| system control number | (BD-JhCC)10721 |
| 040 ## - CATALOGING SOURCE | |
| Original cataloging agency | BD-JhCC |
| Modifying agency | BD-JhCC |
| 041 ## - LANGUAGE CODE | |
| Language code of Book | ben |
| 082 ## - DEWEY DECIMAL CLASSIFICATION NUMBER | |
| Classification number | 891.443 |
| Author mark and Year | JOL 2018 |
| 100 ## - MAIN ENTRY--PERSONAL NAME | |
| Personal name | জলদাস, হরিশংকর |
| 245 ## - TITLE STATEMENT | |
| Title | আমি মৃণালিনী নই / |
| Statement of responsibility, etc | হরিশংকর জলদাস, |
| 260 ## - PUBLICATION, DISTRIBUTION, ETC. (IMPRINT) | |
| Place of publication, distribution, etc | ঢাকা : |
| Name of publisher, distributor, etc | প্রথমা প্রকাশন, |
| Date of publication, distribution, etc | ২০১৮. |
| 300 ## - PHYSICAL DESCRIPTION | |
| Pagination | ১৬৭ পৃ. : |
| Dimensions | ২৪ সেমি. |
| 650 ## - SUBJECT ADDED ENTRY--TOPICAL TERM | |
| Topical term or geographic name as entry element | বাংলা উপন্যাস |
| 650 ## - SUBJECT ADDED ENTRY--TOPICAL TERM | |
| Topical term or geographic name as entry element | Bengali Novel |
| 942 ## - ADDED ENTRY ELEMENTS (KOHA) | |
| Source of classification or shelving scheme | Dewey Decimal Classification |
| Koha item type | Books |
| Koha issues (borrowed), all copies | 23 |
| Source of classification or shelving scheme | Damaged status | Not for loan | Home library | Current library | Shelving location | Date of accession | Cost, normal purchase price | Total Checkouts | Full call number | Barcode | Date last seen | Date checked out | Copy number | Koha item type |
|---|---|---|---|---|---|---|---|---|---|---|---|---|---|---|
| Dewey Decimal Classification | JCC Rouf Library | JCC Rouf Library | General Stacks | 08/11/2018 | 320.00 | 5 | 891.443 JOL 2018 | 14496 | 11/12/2025 | 11/09/2025 | C-1 | Books | ||
| Dewey Decimal Classification | JCC Rouf Library | JCC Rouf Library | General Stacks | 08/11/2018 | 320.00 | 10 | 891.443 JOL 2018 | 14495 | 10/01/2024 | 09/29/2024 | C-2 | Books | ||
| Dewey Decimal Classification | JCC Rouf Library | JCC Rouf Library | General Stacks | 08/11/2018 | 320.00 | 6 | 891.443 JOL 2018 | 14497 | 03/16/2023 | 02/08/2023 | C-3 | Books |